[Event "S. A. Group BAN-chT 2018"]
[Site "Dhaka"]
[Date "2018.12.13"]
[Round "8"]
[White "Arpan, Das"]
[Black "Safarli, Eltaj"]
[Result "1/2-1/2"]
[WhiteElo "2186"]
[BlackElo "2671"]
[Annotator "TA"]
[PlyCount "61"]
[EventDate "2018.12.07"]
[EventType "team-tourn"]
[EventCountry "BAN"]
[SourceTitle "playchess.com"]
[Source "ChessBase"]
[SourceQuality "1"]

{[%evp 13,61,-5,-3,-54,-42,-46,7,0,0,0,4,12,6,0,31,18,17,21,25,-2,-10,-13,-5,-1,-6,-20,-26,-17,-26,-23,-30,-31,-17,-74,-53,-45,-55,-138,-76,-77,16,8,14,8,8,0,0,0,0,0]} 1. d4 Nf6 2. c4 g6 3. Nf3 Bg7 4. g3 d5 5. cxd5 Nxd5 6. Bg2 Nb6 7. e4 {D71: Fianchetto Grünfeld: 3 g3 d5 sidelines and 5 cxd5 (without Nf3)} (7. Nc3 Nc6 8. e3 O-O 9. O-O a5 10. Qe2 e5 11. Nxe5 Nxe5 12. dxe5 Bxe5 13. e4 Qe7 14. f4 Bd4+ 15. Be3 Qc5 16. Bxd4 Qxd4+ 17. Qf2 Rd8 18. Qxd4 Rxd4 {1-0 (49) So,W (2780)-Wei,Y (2729) chess.com INT 2018}) 7... Bg4 {LiveBook: 5 Games} 8. Be3 {[#]} ({White should play} 8. d5 $11) 8... c5 $1 $15 {[%mdl 512] White must now prevent ...cxd4.} 9. d5 $146 {Black is slightly better.} (9. dxc5 Qxd1+) ({Predecessor:} 9. e5 cxd4 10. Qxd4 Qxd4 11. Nxd4 N8d7 12. Na3 Rb8 13. f4 O-O 14. h3 Be6 15. Nxe6 fxe6 {0-1 (30) Hamann,S-Jorgensen,M (2290) Copenhagen 2000}) 9... N8d7 (9... Bxb2 $15 10. Nbd2 Bxa1 11. Qxa1 f6 12. Bxc5 N8d7) 10. Qc2 {[#]} Nc4 $1 {[%mdl 512]} 11. Bc1 $1 (11. Qxc4 Bxf3) 11... Bxf3 12. Bxf3 Qa5+ 13. Nd2 Nd6 14. O-O O-O 15. Bg2 Nb5 16. Nc4 Qa6 {With the idea ...Nd4.} 17. Be3 Nd4 18. Bxd4 cxd4 19. Na3 Rac8 $36 {[%mdl 2048] White is under pressure.} 20. Qd2 Ne5 {[%cal Bd7e5,Be5g4,Bg4e3][%mdl 32]} 21. f4 Ng4 $1 22. Bh3 Ne3 23. Rfc1 (23. Bxc8 $11 {remains equal.} Nxf1 24. Bxb7 Nxd2 25. Bxa6 Nxe4 26. Re1) 23... f5 {Strongly threatening ...Rxc1+.} 24. e5 Qb6 ({But not} 24... Nxd5 $6 25. Qxd4 e6 26. Bf1 $14) 25. Bg2 {[#]} ({Better is} 25. Bf1 $15) 25... d3 (25... g5 $142 $1 {[%mdl 512]} 26. fxg5 Bxe5) 26. Kh1 $17 {[#] and if Bf3 works, White does fine.} a6 (26... g5 $1 $17 {[%mdl 512]} 27. Qxd3 (27. fxg5 Bxe5) 27... Rxc1+ 28. Rxc1 Ng4) 27. Bf3 {The position is equal.} Ng4 28. Bxg4 fxg4 29. Qxd3 {Nc4 is the strong threat.} Rxc1+ 30. Rxc1 {aiming for Nc4.} Qxb2 31. Rc2 {Precision: White = 47%, Black = 60%.} 1/2-1/2

[Event "S. A. Group BAN-chT 2018"]
[Site "Dhaka"]
[Date "2018.12.13"]
[Round "8"]
[White "Hasan Md, Emam"]
[Black "Mohammed Abdul, Malek"]
[Result "1/2-1/2"]
[WhiteElo "2076"]
[BlackElo "2208"]
[Annotator "TA"]
[PlyCount "106"]
[EventDate "2018.12.07"]
[EventType "team-tourn"]
[EventCountry "BAN"]
[SourceTitle "playchess.com"]
[Source "ChessBase"]
[SourceQuality "1"]

{[%evp 20,106,-7,-4,0,-8,25,-22,20,-1,0,0,0,-51,-59,-52,-43,-65,-47,-43,-34,-79,0,0,42,42,55,9,22,-95,-71,-71,-74,-59,-43,-34,-39,-23,-22,-41,14,6,11,14,49,0,27,15,160,69,112,0,0,-59,-31,-116,-110,-106,-101,-127,-117,-121,-110,-173,-159,-159,-160,-126,-154,-753,-750,-635,-567,-788,-803,-804,-803,-810,-810,-803,-805,-810,-803,-795,-795,-763,-760,-752,-738]} 1. e4 c5 2. Nc3 Nc6 3. g3 g6 4. Bg2 Bg7 5. d3 e6 6. Nge2 Nge7 {[%cal Bg8e7,Be7c6,Bc6e5][%mdl 32]} 7. O-O O-O 8. Be3 d6 9. Qd2 Nd4 10. Nc1 Nec6 {B26: Closed Sicilian: 3 g3, lines with early Be3} 11. Nd1 {LiveBook: 3 Games} Ne5 12. f3 (12. f4 Ng4 13. c3 Nc6 14. Ne2 Bd7 15. h3 Nxe3 16. Nxe3 f5 17. Rad1 Kh8 18. exf5 gxf5 {1-0 (53) Utegaliev,A (2517)-Moisseyenko,I (2300) Almaty 2018}) 12... f5 {The position is equal.} 13. c3 Ndc6 14. b3 $146 ({Predecessor:} 14. Qe2 Rb8 15. d4 Nd7 16. Nb3 b6 17. Nf2 Bb7 18. Nh3 {0-1 (49) Drljevic,L (2286)-Hoolt,S (2314) Shenzhen 2011}) 14... fxe4 15. dxe4 b6 16. h3 (16. f4 $11) 16... Ba6 $15 17. Rf2 Qc7 18. f4 Nf7 19. Rb1 Rad8 20. c4 {[#]} Nd4 ({Black should play} 20... d5 $1 $17 {[%mdl 512]} 21. cxd5 (21. exd5 exd5 22. cxd5 Nd4 $17) 21... exd5 22. exd5 Nd4) 21. Nc3 $11 b5 22. cxb5 Nxb5 23. Nxb5 Bxb5 24. g4 {[#]} (24. Nd3 $11) 24... d5 $1 $17 {[%cal Rd5d4][%mdl 512]} 25. exd5 exd5 26. f5 d4 27. Bf4 Qb6 28. Nd3 gxf5 29. gxf5 Qf6 ({Black should try} 29... Rde8 $15) 30. Nxc5 {Black must now prevent Re1.} Qxf5 31. Rc1 {And now a4 would win.} Qg6 32. Kh1 Rfe8 33. Rg1 {Threatens to win with Be4.} Qh5 (33... Kh8 $11 {keeps the balance.}) 34. Ne4 (34. Qb4 $16 Qh4 35. Qd2) 34... Kh8 $1 $14 {[#]} 35. Ng3 (35. Qa5 $1 $16) 35... Qg6 $11 36. Bf3 ({Better is} 36. Qa5 $11 Qa6 37. Qc7) 36... Bc6 (36... Ne5 $5 {[%cal Re5f3]} 37. Be4 Bc6 $17) 37. Kh2 (37. Qd1 $15) 37... Bxf3 $17 38. Rxf3 Ne5 39. Rff1 d3 40. Qd1 {aiming for Nh5.} Rc8 $36 {[%mdl 2048] Black is on the roll.} 41. Nh5 (41. Bd2 $17 Nd7 42. Rg2) 41... Rc2+ $19 42. Qxc2 dxc2 43. Rxg6 Nxg6 44. Nxg7 $2 {[#]} (44. Bc1 $17) 44... Re2+ $1 {Black is clearly winning.} (44... Kxg7 45. Bc1 $17) 45. Kg3 Nxf4 ({Less strong is} 45... Kxg7 46. Rc1 $15) 46. Kxf4 {[#]} Rf2+ $1 {[%mdl 512]} 47. Rxf2 c1=Q+ 48. Kg3 Kxg7 {KQ-KR} 49. Kg2 Kg6 50. Kh2 Qe3 51. Kg2 Kg5 52. Rf3 Qe4 53. Kg3 h6 {[%mdl 32768] Precision: White = 40%, Black = 59%. . An unexpected result.} 1/2-1/2

[Event "S. A. Group BAN-chT 2018"]
[Site "Dhaka"]
[Date "2018.12.13"]
[Round "8"]
[White "Chowdhury, Sohel"]
[Black "Zia, Tahsin Tajwar"]
[Result "0-1"]
[WhiteElo "2012"]
[BlackElo "1925"]
[Annotator "NA"]
[PlyCount "40"]
[EventDate "2018.12.07"]
[EventType "team-tourn"]
[EventCountry "BAN"]
[SourceTitle "playchess.com"]
[Source "ChessBase"]
[SourceQuality "1"]
[TimeControl "5400+30"]

1. e4 {[%emt 1:30:30]} c5 {[%emt 1:30:30]} 2. Nc3 {[%emt 0:00:30]} Nc6 {[%emt 0:00:30]} 3. g3 {[%emt 0:00:30]} g6 {[%emt 0:00:30]} 4. Bg2 {[%emt 0:00:30]} Bg7 {[%emt 0:00:30]} 5. d3 {[%emt 0:00:30]} d6 {[%emt 0:00:30]} 6. Be3 {[%emt 0:00:30]} Nf6 {[%emt 0:00:30]} 7. h3 {[%emt 0:00:30]} Rb8 {[%emt 0:00:30]} 8. f4 {[%emt 0:00:30] B26: Closed Sicilian: 3 g3, lines with early Be3} O-O {[%emt 0:00:30]} (8... Nd4 9. Nce2 Nd7 10. c3 Nxe2 11. Nxe2 b5 12. Qd2 Bb7 13. O-O O-O 14. g4 e6 15. f5 exf5 16. gxf5 {½-½ (37) Li,R (2535)-Xiong,J (2641) Saint Louis 2016}) 9. Nf3 {[%emt 0:00:30]} Nd7 {[%emt 0:00:30]} 10. f5 {[%emt 0:00:30]} b5 {[%emt 0:00:30]} 11. Qd2 {[%emt 0:00:30]} b4 {[%emt 0:00:30]} 12. Nd1 {[%emt 0:00:30]} Nde5 {[%emt 0:00:30]} 13. O-O $146 {[%emt 0:00:30]} ({Predecessor:} 13. Bh6 Nxf3+ 14. Bxf3 Nd4 15. O-O Bxh6 16. Qxh6 Nxc2 {½-½ (32) Pallesen,J (2067)-Kistrup,N (2029) Ballerup 2015}) 13... Ba6 {[%emt 0:00:30]} 14. Bh6 {[%emt 0:00:30]} c4 {[%emt 0:00:30]} 15. Bxg7 {[%emt 0:00:30]} Kxg7 {[%emt 0:00:30]} 16. Nxe5 {[%emt 0:00:30]} dxe5 {[%emt 0:00:30]} 17. Ne3 {[%emt 0:00:30]} Qd4 {[%emt 0:00:30]} 18. Kh2 {[%emt 0:00:30]} (18. c3 $11 {keeps the balance.} bxc3 19. bxc3) 18... f6 {[%emt 0:00:30]} 19. h4 {[%emt 0:00:30]} cxd3 {[%emt 0:00:30]} 20. Ng4 {[%emt 0:00:30] [#]} gxf5 $17 {[%emt 0:00:30]} 0-1

[Event "S. A. Group BAN-chT 2018"]
[Site "Dhaka"]
[Date "2018.12.13"]
[Round "8"]
[White "Mihir Lal, Das"]
[Black "Mohammad Fahad, Rahman"]
[Result "0-1"]
[WhiteElo "2010"]
[BlackElo "2381"]
[Annotator "ChessBase"]
[PlyCount "90"]
[EventDate "2018.12.07"]
[EventType "team-tourn"]
[EventCountry "BAN"]
[SourceTitle "playchess.com"]
[Source "ChessBase"]
[SourceQuality "1"]
[TimeControl "5400+30"]

1. Nf3 {[%emt 0:00:00]} g6 {[%emt 0:01:24]} 2. g3 {[%emt 0:00:00]} Bg7 {[%emt 0:00:08]} 3. Bg2 {[%emt 0:00:00]} e5 {[%emt 0:00:20]} 4. d3 {[%emt 0:01:44]} d5 {[%emt 0:01:08]} 5. O-O {[%emt 0:00:11]} Nc6 {[%emt 0:01:10]} 6. c4 {[%emt 0:01:29]} d4 {[%emt 0:06:29]} 7. e4 {[%emt 0:23:24]} dxe3 {[%emt 0:02:32]} 8. fxe3 {[%emt 0:02:51]} Nge7 {[%emt 0:01:06]} 9. Nc3 {[%emt 0:05:52]} O-O {[%emt 0:07:16]} 10. e4 {[%emt 0:02:49]} Nd4 {[%emt 0:01:06]} 11. h3 {[%emt 0:09:52]} c6 {[%emt 0:01:21]} 12. Kh2 {[%emt 0:02:36]} Nxf3+ {[%emt 0:05:04]} 13. Rxf3 {[%emt 0:00:49]} Be6 {[%emt 0:00:32]} 14. Be3 {[%emt 0:01:51]} Qd7 {[%emt 0:06:55]} 15. Qc2 {[%emt 0:00:23]} b6 16. Rd1 {[%emt 0:00:30]} f5 17. Bg5 {[%emt 0:00:30]} h6 18. Bxe7 {[%emt 0:00:30]} Qxe7 19. exf5 {[%emt 0:00:30]} gxf5 20. Qe2 {[%emt 0:00:30]} Rad8 21. Re3 {[%emt 0:00:30]} Qc5 22. a3 {[%emt 0:00:30]} Bf7 23. Rc1 {[%emt 0:00:30]} Bg6 24. Qf3 {[%emt 0:00:30]} e4 25. dxe4 {[%emt 0:00:30]} fxe4 26. Qg4 {[%emt 0:00:30]} Bf5 27. Qh5 {[%emt 0:00:30]} Qxc4 28. Nxe4 {[%emt 0:00:30]} Qf7 29. Qxf7+ {[%emt 0:00:30]} Rxf7 30. Nc3 {[%emt 0:00:30]} Rd6 31. Rc2 {[%emt 0:00:30]} Bd4 32. Re8+ {[%emt 0:00:30]} Kg7 33. Ne4 {[%emt 0:00:30]} Rdd7 34. g4 {[%emt 0:00:30]} Bg6 35. Ng3 {[%emt 0:00:30]} c5 36. b3 {[%emt 0:00:30]} Rf2 37. Rxf2 {[%emt 0:00:30]} Bxf2 38. Re2 {[%emt 0:00:30]} Bxg3+ 39. Kxg3 {[%emt 0:00:30]} Rd3+ 40. Kf4 {[%emt 0:00:30]} Kf6 41. Rb2 {[%emt 0:00:30]} Bf7 42. b4 {[%emt 0:00:30]} c4 43. a4 {[%emt 0:00:30]} c3 44. Rb1 {[%emt 0:00:30]} c2 45. Rc1 {[%emt 0:00:30]} Bb3 0-1

[Event "S. A. Group BAN-chT 2018"]
[Site "Dhaka"]
[Date "2018.12.13"]
[Round "8"]
[White "Uddin, Saif"]
[Black "Das, Arghyadip"]
[Result "0-1"]
[WhiteElo "1997"]
[BlackElo "2430"]
[Annotator "TA"]
[PlyCount "36"]
[EventDate "2018.12.07"]
[EventType "team-tourn"]
[EventCountry "BAN"]
[SourceTitle "playchess.com"]
[Source "ChessBase"]
[SourceQuality "1"]

{[%evp 17,36,20,24,0,0,0,0,-6,69,40,70,64,62,64,71,-26,0,-37,-37,-37,-20]} 1. Nf3 c5 2. c4 Nc6 3. Nc3 e5 4. d3 g6 5. g3 Bg7 6. Bg2 d6 7. a3 Nge7 {A37: Symmetrical English vs ...g6: 4 Bg2 Bg7 5 Nf3} 8. Bd2 a5 (8... b6 9. b4 Bb7 10. b5 Nd4 11. e4 Qd7 12. O-O O-O 13. a4 a5 14. Nxd4 exd4 {½-½ (44) Jobava,B (2668)-Duda,J (2658) Reykjavik 2015}) 9. Rb1 O-O {LiveBook: 13 Games. The position is equal.} 10. b3 h6 11. Qc1 $146 ({Predecessor:} 11. O-O Rb8 {½-½ (28) Schlemermeyer,W (2297)-Von Herman,U (2247) Berlin 2006}) 11... Kh7 12. h4 Be6 (12... f6 $11) 13. Ne4 Bg4 14. h5 $1 {[%cal Rh5g6]} gxh5 15. Nh2 Bf5 {[%cal Bg4f5,Bf5g6,Bg6f7][%mdl 32] [#]} 16. Bf3 (16. g4 $1 $16 {[%mdl 512]} Bg6 (16... Bxg4 17. Nxg4) 17. gxh5 Bxe4 18. dxe4) 16... Bg6 $1 $11 17. g4 f5 18. gxh5 Bf7 {[%mdl 32768] Accuracy: White = 57%, Black = 75%. . Loss on time!?} 0-1

[Event "S. A. Group BAN-chT 2018"]
[Site "Dhaka"]
[Date "2018.12.13"]
[Round "8"]
[White "Hamid, Rani"]
[Black "Hasan, Eunus"]
[Result "1/2-1/2"]
[WhiteElo "1932"]
[BlackElo "2154"]
[Annotator "NA"]
[PlyCount "38"]
[EventDate "2018.12.07"]
[EventType "team-tourn"]
[EventCountry "BAN"]
[SourceTitle "playchess.com"]
[Source "ChessBase"]
[SourceQuality "1"]
[TimeControl "5400+30"]

1. e4 {[%emt 0:02:25]} c5 {[%emt 0:00:00]} 2. Nf3 {[%emt 0:00:08]} e6 {[%emt 0:00:00]} 3. d4 {[%emt 0:00:01]} cxd4 {[%emt 0:00:00]} 4. Nxd4 {[%emt 0:00:02]} a6 {[%emt 0:00:07]} 5. Bd3 {[%emt 0:00:19]} g6 {[%emt 0:00:10]} 6. O-O {[%emt 0:00:48]} Bg7 {[%emt 0:00:03]} 7. Be3 {[%emt 0:01:01]} Ne7 {[%emt 0:00:45]} 8. c4 {[%emt 0:01:33]} d5 {[%emt 0:05:51] B42: Sicilian: Kan Variation: 5 Bd3} 9. exd5 $146 {[%emt 0:01:38]} ({Predecessor:} 9. cxd5 exd5 10. Nc3 O-O 11. Re1 Nbc6 12. Nxc6 bxc6 13. Bc5 Be6 14. Rc1 Re8 15. Qa4 dxe4 16. Bxe4 {1-0 (34) Amonatov,F (2620)-Hasan,E (2155) Dhaka 2016}) 9... exd5 {[%emt 0:00:03]} 10. Nc3 {[%emt 0:04:01]} O-O {[%emt 0:02:36]} 11. Rc1 {[%emt 0:03:12]} Nbc6 {[%emt 0:09:36]} 12. Nxc6 {[%emt 0:00:51]} bxc6 {[%emt 0:00:05]} 13. Bc5 {[%emt 0:02:03]} Be6 {[%emt 0:04:58]} 14. Qa4 {[%emt 0:04:13]} Re8 {[%emt 0:01:34]} 15. Rfe1 {[%emt 0:03:42]} dxc4 {[%emt 0:05:47]} 16. Bxc4 {[%emt 0:00:24]} Nd5 {[%emt 0:00:39]} 17. Bxd5 {[%emt 0:12:24]} Bxd5 {[%emt 0:01:56]} 18. Be3 {[%emt 0:06:42]} Bxc3 {[%emt 0:09:44]} 19. bxc3 {[%emt 0:04:11]} Re4 $11 {[%emt 0:02:19]} 1/2-1/2

[Event "S. A. Group BAN-chT 2018"]
[Site "Dhaka"]
[Date "2018.12.14"]
[Round "9"]
[White "Safarli, Eltaj"]
[Black "Mehdi Hasan Parag"]
[Result "1-0"]
[WhiteElo "2671"]
[BlackElo "2218"]
[Annotator "TA"]
[PlyCount "55"]
[EventDate "2018.12.07"]
[EventType "team-tourn"]
[EventCountry "BAN"]
[SourceTitle "playchess.com"]
[Source "ChessBase"]
[SourceQuality "1"]

{[%evp 14,55,8,-22,67,0,-7,-29,-17,-29,-15,-22,-25,-29,-31,-10,-22,-33,8,27,43,43,39,50,59,26,28,44,43,48,136,120,168,167,160,171,222,240,211,190,336,308,1024,952]} 1. e4 c6 2. d4 d5 3. exd5 cxd5 4. c4 Nf6 5. Nc3 Nc6 6. Bg5 Be6 7. Be2 Qa5 {B13: Caro-Kann: Exchange Variation and Panov-Botvinnik Attack} 8. Nf3 {LiveBook: 28 Games} (8. Bf3 dxc4 9. d5 O-O-O 10. Bd2 Nxd5 11. Nxd5 Rxd5 12. Bxd5 Qxd5 13. Nf3 Bf5 14. O-O e6 15. b3 Bd3 16. bxc4 Qf5 17. Re1 Bc5 18. Be3 Bb4 19. Bd2 Bc5 20. Be3 Bb4 21. Bd2 Bc5 22. Be3 {½-½ (22) Safarli,E (2664)-Karjakin,S (2779) Shamkir 2016}) 8... g6 (8... dxc4 $11 9. O-O Rd8) 9. O-O $146 (9. Qb3 $14 O-O-O 10. Bxf6 exf6 11. O-O) ({Predecessor:} 9. Bxf6 exf6 10. O-O Bb4 11. Qb3 dxc4 12. Bxc4 Bxc4 13. Qxc4 O-O 14. Nd5 Kg7 15. Nxf6 {1-0 (31) Ladva,O (2267)-Belenkaya,D (2200) Tallinn 2013}) 9... Bg7 $1 $11 {The position is equal.} 10. cxd5 Nxd5 11. Ne4 Rd8 12. Nc5 Bc8 13. Qc1 O-O 14. Rd1 Qc7 15. h3 Qd6 16. Bb5 a6 17. Ne4 Qc7 18. Bxc6 bxc6 19. Bh6 a5 20. Bxg7 Kxg7 21. Ne5 f6 (21... Bf5 $14 22. Nc5 f6) 22. Nxc6 $16 Nf4 {[#] Threatens to win with ...Ne2+.} 23. Kh1 $1 Rd7 24. Nxa5 $1 Qb8 (24... Rfd8 {was called for.}) 25. Nc6 $18 Qc7 26. Nc5 {Qxf4! is the strong threat.} Rd5 {[#]} (26... Qxc6 $142 27. Qxf4 e5) 27. Nxe7 $1 {[%mdl 512]} Nxh3 $2 {[#]} (27... Qxe7 28. Qxf4 g5) 28. Ne6+ $1 {[%mdl 512] Accuracy: White = 51%, Black = 26%.} 1-0

[Event "S. A. Group BAN-chT 2018"]
[Site "Dhaka"]
[Date "2018.12.14"]
[Round "9"]
[White "Das, Arghyadip"]
[Black "Kovalev, Vladislav"]
[Result "1/2-1/2"]
[WhiteElo "2430"]
[BlackElo "2683"]
[Annotator "TA"]
[PlyCount "65"]
[EventDate "2018.12.07"]
[EventType "team-tourn"]
[EventCountry "BAN"]
[SourceTitle "playchess.com"]
[Source "ChessBase"]
[SourceQuality "1"]

{[%evp 32,65,16,10,7,20,2,22,50,26,37,61,78,84,95,74,80,53,129,124,137,137,121,84,87,43,43,16,77,61,75,0,26,0,72,0]} 1. e4 e5 2. Nf3 Nc6 3. Bb5 a6 4. Ba4 Nf6 5. O-O Be7 6. Re1 b5 7. Bb3 d6 8. c3 O-O 9. d4 Bg4 10. Be3 exd4 11. cxd4 Na5 12. Bc2 c5 13. h3 cxd4 {C91: Closed Ruy Lopez: 7...d6 8 c3 0-0 9 d4} 14. Bxd4 Bh5 15. g4 Bg6 16. Nc3 Rc8 17. Rc1 {LiveBook: 8 Games} Nc4 18. Nd5 Nxd5 19. exd5 Bf6 {[#]} 20. b3 $146 ({Predecessor:} 20. Bxg6 fxg6 21. b3 Bxd4 22. Nxd4 {1-0 (40) Sedlak,N (2528)-Pavasovic,D (2596) Terme Zrece 2003}) 20... Nb6 21. Bxg6 fxg6 22. Rxc8 Nxc8 23. Qe2 h6 24. Kg2 Nb6 (24... g5 $14) 25. Qe6+ $16 Kh7 {[#]} 26. Bxb6 $1 Qxb6 27. Re2 Qc5 28. h4 Bc3 29. h5 gxh5 (29... g5 $1 $11) 30. Qe4+ Kg8 31. Qe6+ {[%mdl 1024] White has strong compensation.} Kh7 $1 {With the idea ...hxg4.} 32. Qe4+ Kg8 33. Qe6+ {Accuracy: White = 54%, Black = 65%.} ({White should try} 33. gxh5 $16 Qb4 34. Qe6+ Kh8 35. Re4) 1/2-1/2

[Event "S. A. Group BAN-chT 2018"]
[Site "Dhaka"]
[Date "2018.12.14"]
[Round "9"]
[White "Sidhant, Mohapatra"]
[Black "Ahmed, Sk. Nasir"]
[Result "1/2-1/2"]
[WhiteElo "2343"]
[BlackElo "2119"]
[Annotator "TA"]
[PlyCount "40"]
[EventDate "2018.12.07"]
[EventType "team-tourn"]
[EventCountry "BAN"]
[SourceTitle "playchess.com"]
[Source "ChessBase"]
[SourceQuality "1"]

{[%evp 15,40,0,73,30,69,-7,2,-23,-23,-47,-10,-5,0,0,0,0,36,19,23,-31,-8,-7,-7,-11,61,0,194]} 1. e4 c5 2. Nf3 e6 3. b3 b6 4. Bb2 Bb7 5. Nc3 d6 6. d4 cxd4 7. Qxd4 {B40: Sicilian: 2...e6, Unusual lines} (7. Nxd4 a5 8. Qe2 Nf6 9. O-O-O Nbd7 10. g4 h6 11. f4 Qc7 12. Bg2 Rc8 13. e5 Bxg2 14. exf6 Bxh1 15. Nxe6 fxe6 16. Qxe6+ {1-0 (29) Antipov,M (2593)-Chekhov,S (2463) Sochi 2018}) 7... a6 8. O-O-O Nd7 {LiveBook: 4 Games} (8... Nc6 $11 9. Qe3 Qc7) 9. Kb1 {White is better.} Qc7 10. Qe3 $146 (10. Nd2 $14) ({Predecessor:} 10. Nd2 b5 11. f3 Ngf6 12. Bd3 Be7 13. Qf2 O-O {0-1 (39) Ekstroem,R (2381)-Kurmann,O (2451) Lenzerheide 2018}) 10... Ngf6 11. Bd3 Be7 12. h3 O-O 13. g4 {[%cal Bg2g4,Bg4g5][%mdl 32]} Ne5 14. Be2 Nxf3 15. Bxf3 Rac8 16. g5 Nd7 17. Be2 ({White should try} 17. h4 $11) 17... Qc5 18. Qxc5 Nxc5 19. f3 $1 Bxg5 ({Black should play} 19... b5 $11) 20. Rxd6 (20. b4 $1 $14) 20... b5 $2 {Accuracy: White = 25%, Black = 15%.} (20... Bc6 $1 $11) 1/2-1/2

[Event "S. A. Group BAN-chT 2018"]
[Site "Dhaka"]
[Date "2018.12.14"]
[Round "9"]
[White "Mohammad Minhaz Uddin"]
[Black "Anisuzzaman, Jewel"]
[Result "1/2-1/2"]
[WhiteElo "2290"]
[BlackElo "1902"]
[Annotator "TA"]
[PlyCount "47"]
[EventDate "2018.12.07"]
[EventType "team-tourn"]
[EventCountry "BAN"]
[SourceTitle "playchess.com"]
[Source "ChessBase"]
[SourceQuality "1"]

{[%evp 18,47,79,77,86,53,108,79,96,18,75,0,0,-47,-39,-55,0,5,35,34,0,-39,-48,-41,-43,-145,-148,-209,-179,-192,-192,-229]} 1. e4 d6 2. d4 Nf6 3. Nc3 Nbd7 4. Nf3 c5 5. d5 g6 6. Be2 Bg7 7. O-O O-O 8. h3 Rb8 {A43: Schmid Benoni} 9. a4 a6 10. Re1 {LiveBook: 6 Games} Ne5 $146 {White is better.} ({Predecessor:} 10... Ne8 11. Bf4 b6 12. Bf1 Nc7 13. e5 dxe5 14. Nxe5 Nxe5 15. Bxe5 Bxe5 16. Rxe5 b5 17. axb5 axb5 18. Ra7 Qd6 {1-0 (31) Popov,I (2632)-Lagno,K (2542) Khanty-Mansiysk 2013}) 11. Nh2 Re8 ({Black should play} 11... Ne8 $14) 12. f4 $16 Ned7 13. g4 (13. Nf3 $16) 13... Nf8 (13... b5 $1 $11 {remains equal.}) 14. Bf1 (14. g5 $16) 14... e6 $11 15. Bd2 exd5 16. exd5 b6 (16... Rxe1 $15 17. Bxe1 Bd7) 17. Qf3 Bb7 18. g5 Nh5 19. Ng4 Ne6 20. Ne2 f5 21. Nf2 ({White should try} 21. Nh6+ $15 Bxh6 22. gxh6) 21... b5 $17 {Black is clearly better.} 22. Bg2 (22. Nd1 $17 {was worth a try.}) 22... Nc7 $19 23. axb5 axb5 ({Resist} 23... Bxb2 24. Ra2 $17) 24. Ra7 {Accuracy: White = 30%, Black = 61%.} 1/2-1/2

[Event "S. A. Group BAN-chT 2018"]
[Site "Dhaka"]
[Date "2018.12.14"]
[Round "9"]
[White "Sahoo, Utkal Ranjan"]
[Black "Arpan, Das"]
[Result "1/2-1/2"]
[WhiteElo "2286"]
[BlackElo "2186"]
[Annotator "TA"]
[PlyCount "42"]
[EventDate "2018.12.07"]
[EventType "team-tourn"]
[EventCountry "BAN"]
[SourceTitle "playchess.com"]
[Source "ChessBase"]
[SourceQuality "1"]

{[%evp 22,42,26,17,35,5,11,0,0,0,0,-2,-20,-11,0,-18,-25,-106,-106,-90,-64,-64,-64]} 1. d4 Nf6 2. Nf3 e6 3. c4 c5 4. Nc3 cxd4 5. Nxd4 Bb4 6. g3 O-O 7. Bg2 d5 8. cxd5 Nxd5 9. Qb3 Nc6 10. Nxc6 bxc6 11. O-O Rb8 {E20: Nimzo-Indian: 4 g3 and 4 f3} 12. Qc2 {LiveBook: 7 Games} Qa5 {[%cal Rd5c3]} (12... Ba6 13. Rd1 Bxc3 14. bxc3 Qa5 15. Bb2 Bc4 16. Rd4 Qa6 17. e4 Nb6 18. a4 e5 19. Rd2 Qa5 20. Rd6 c5 21. Bh3 Nc8 22. Rd2 Nb6 23. Rd6 Nc8 24. Rd2 Nb6 25. Rd6 {½-½ (25) Vachier Lagrave,M (2789)-Aronian,L (2764) Stavanger 2018}) 13. Bd2 Ba6 {The position is equal.} 14. Rfe1 Rfd8 15. a3 $146 ({Predecessor:} 15. Rab1 Nxc3 16. bxc3 Ba3 17. Rxb8 Rxb8 {0-1 (32) Gedevanishvili,D-Romanishin,O Moscow (Russia) 1972}) 15... Nxc3 16. axb4 {[%mdl 64] [#] Pin} Nxe2+ 17. Kh1 Qb6 18. Be3 Nd4 19. Bxd4 (19. Qc3 $11 {keeps the balance.} Bb7 20. Kg1) 19... Rxd4 $17 20. Qxc6 Qxc6 21. Bxc6 Rb6 1/2-1/2

[Event "S. A. Group BAN-chT 2018"]
[Site "Dhaka"]
[Date "2018.12.14"]
[Round "9"]
[White "Islam, Kh. Aminul"]
[Black "Sai Agni Jeevitesh, J."]
[Result "1/2-1/2"]
[WhiteElo "2253"]
[BlackElo "2336"]
[Annotator "TA"]
[PlyCount "41"]
[EventDate "2018.12.07"]
[EventType "team-tourn"]
[EventCountry "BAN"]
[SourceTitle "playchess.com"]
[Source "ChessBase"]
[SourceQuality "1"]

{[%evp 15,41,39,54,27,29,11,25,15,22,16,20,-47,-28,-32,16,13,21,0,0,0,8,0,0,-9,0,-4,-4,-9]} 1. Nf3 d5 2. g3 Nf6 3. Bg2 e6 4. O-O c5 5. c4 Nc6 6. d4 dxc4 7. dxc5 Bxc5 8. Qxd8+ {E04: Open Catalan: 5 Nf3} Kxd8 {LiveBook: 23 Games} 9. Nfd2 $146 ({Predecessor:} 9. Nbd2 Ke7 10. Nxc4 Rd8 11. a3 a5 12. Bf4 Nd5 13. Bd2 b6 14. Rfc1 Bb7 15. Rc2 Rac8 {½-½ (86) Tkachiev,V (2657)-Fressinet,L (2664) Le Port Marly 2009}) 9... Na5 10. Na3 {White has an edge.} Bxa3 $1 11. bxa3 Nd5 12. e4 Nc3 13. Bf3 ({White should try} 13. Re1 $11) 13... f6 14. e5 {Black must now prevent exf6.} Ke7 15. a4 {[#] aiming for Ba3+.The position is equal.} Nxa4 16. Ba3+ Kf7 17. exf6 gxf6 18. Rfc1 Nb6 19. Ne4 Bd7 20. Nd6+ Kg7 21. Nxb7 {Accuracy: White = 28%, Black = 45%.} 1/2-1/2